Apuntes de derecho romano: de las personas

שמור ב:
מידע ביבליוגרפי
מחבר ראשי: Errázuriz Echaurren, Maximiano (Author)
פורמט: ספר
שפה:ספרדית
יצא לאור: Santiago Jurídica de Chile 1982
נושאים:
תגים: הוספת תג
אין תגיות, היה/י הראשונ/ה לתייג את הרשומה!

MARC

LEADER 00000nam a2200000 a 4500
001 UCT6069
003 CL-VaPUC
008 961230e19820000CL |||||||||||||||||spa|d
082 0 4 |a 340.54  |b ERR  |2 21 
100 0 |a Errázuriz Echaurren, Maximiano  |e author  |9 375816 
245 1 0 |a Apuntes de derecho romano: de las personas 
300 |a 103 p 
942 |c BK 
945 |d 19961230 00:00:00  |a rleighto 
260 |a Santiago  |b Jurídica de Chile  |c 1982 
650 0 |a Derecho romano  |9 255930 
650 0 |a Ciudadanía  |9 258339 
650 0 |a Familias   |9 255641 
650 7 |a MATRIMONIO  |2 CL-VaPUC  |9 375817 
650 0 |a Tutela  |9 259125 
650 0 |a Personas jurídicas  |9 257259 
583 |a last modification  |c 19961230 00:00:00  |k Rodrigo Vera 
999 |c 254802  |d 254800 
952 |0 0  |1 0  |4 0  |6 340_540000000000000_ERR_1982  |7 0  |8 A  |9 276688  |a BIBDER  |b BIBDER  |d 2019-11-19  |i 3265803  |l 1  |m 1  |o 340.54 ERR 1982  |p 3265803  |r 2023-09-26  |s 2023-09-15  |w 2019-11-19  |y BK  |k DER